Największe Miasto w każdym stanie USA - Statystyki

Ogólne statystyki
  • Ten quiz został rozwiązany 45 razy
  • Średni wynik to 18 z 50
Statystyki odpowiedzi
Podpowiedź Odpowiedź % Poprawnych
Nowy Jork Nowy Jork
94%
Kalifornia Los Angeles
81%
Floryda Miami
77%
Waszyngton Seattle
77%
Massachusetts Boston
71%
Illinois Chicago
71%
Pensylwania Filadelfia
71%
Hawaje Honolulu
71%
Nevada Las Vegas
68%
Teksas Houston
61%
Georgia Atlanta
58%
Oklahoma Oklahoma City
58%
Arizona Phoenix
58%
Indiana Indianapolis
55%
Utah Salt Lake City
55%
Kolorado Denver
52%
Michigan Detroit
52%
Oregon Portland
52%
Ohio Columbus
45%
Minnesota Minneapolis
45%
Luizjana Nowy Orlean
42%
Alaska Anchorage
32%
Karolina Północna Charlotte
32%
Tennessee Nashville
29%
Rhode Island Providence
29%
Wisconsin Milwaukee
26%
New Jersey Newark
26%
Nowy Meksyk Albuquerque
23%
Maryland Baltimore
23%
Nebraska Omaha
23%
Maine Portland
23%
Karolina Południowa Charleston
19%
Wyoming Cheyenne
19%
Iowa Des Moines
19%
Missisipi Jackson
19%
Missouri Kansas City
19%
Arkansas Little Rock
19%
Kentucky Louisville
16%
Montana Billings
13%
Idaho Boise
13%
Wirginia Virginia Beach
13%
Kansas Wichita
13%
Wirginia Zachodnia Charleston
10%
New Hampshire Manchester
10%
Dakota Południowa Sioux Falls
10%
Delaware Wilmington
10%
Vermont Burlington
6%
Dakota Północna Fargo
6%
Alabama Huntsville
6%
Connecticut Bridgeport
3%
Nie znaleziono quizów pasujących do podanych kryteriów
Rozkład punktacji
Procent ludzi z każdym wynikiem
Percentyl według liczby udzielonych odpowiedzi
Twoja historia wyników
Nie rozwiązałeś tego quizu